LEADER 01128nam--2200373---4500 001 990000577330203316 005 20060307160357.0 010 $a88-87305-00-5 035 $a0057733 035 $aUSA010057733 035 $a(ALEPH)000057733USA01 035 $a0057733 100 $a20010723d1998----km-y0ENGy0103----ba 101 $aita 102 $aIT 200 1 $a<> Abatino Pelli e il suo secolo$e(Giuseppe Pelli 1729-1808)$fVittoria Corti 210 $aSigna$cMasso delle Fate$dc1998 215 $a88 p.$d24 cm 225 2 $aStoria, memorie e personaggi$v3 410 $12001$aStoria, memorie e personaggi$v3 606 0 $aPelli Bencivenni,$bGiuseppe 676 $a001.2 700 1$aCORTI,$bVittoria$0295775 801 0$aIT$bsalbc$gISBD 912 $a990000577330203316 951 $aVI.3.A. 3045(V C 1552)$b148635 LM$cV C 959 $aBK 969 $aUMA 979 $aPATTY$b90$c20010723$lUSA01$h1006 979 $c20020403$lUSA01$h1707 979 $aPATRY$b90$c20040406$lUSA01$h1640 979 $aCOPAT6$b90$c20060307$lUSA01$h1603 996 $aAbatino Pelli e il suo secolo$9883398 997 $aUNISA LEADER 01079nam0 22002771i 450 001 UON00041568 005 20231205102148.371 100 $a20020107d1972 |0itac50 ba 101 $arus 102 $aSU 105 $a|||| 1|||| 200 1 $aDvenadcat'i vorot Bukary$fDzalol Ikrami 210 $aMoskva$cIzdatel'stvo "Izvestija"$d1972 215 $a393 p.$cill.$d22 cm 410 1$1001UON00041567$12001 $aBiblioteka "Druzby Narodov" 606 $aLetteratura tagica$xProsa$xSec. 20$3UONC012054$2FI 620 $aRU$dMoskva$3UONL003152 686 $aAC VI AC$cASIA CENTRALE - LETTERATURA IRANICA SOVIETICA$2A 700 1$aIKRAMI$bDzalol$3UONV026441$0648106 712 $aIzdatel'stvo Izvestija$3UONV251890$4650 801 $aIT$bSOL$c20251107$gRICA 899 $aSIBA - SISTEMA BIBLIOTECARIO DI ATENEO$2UONSI 912 $aUON00041568 950 $aSIBA - SISTEMA BIBLIOTECARIO DI ATENEO$dSI AC VI AC 004 $eSI SA 36995 5 004 996 $aDvenadcat'i vorot Bukary$91152221 997 $aUNIOR